000
00320nam a2200133Ia 4500
005
20251222154330.0
008
251222s9999||||xx |||||||||||||| ||spa||
082
_a
153.9 B81
100
_a
Bravo Oyarce, Elber
245
0
_a
El Desarrollo de la Inteligencia:
250
_a
3a.ed.
264
_b
Mc Javi's
942
_c
LIB
999
_c
34106
_d
34106